[Event "Turkish Super League 2019"]
[Site "Konya"]
[Date "2019.07.21"]
[Round "6"]
[White "Esipenko, Andrey"]
[Black "Ali Marandi, Cemil Can"]
[Result "1/2-1/2"]
[WhiteElo "2621"]
[BlackElo "2527"]
[Annotator "ChessBase"]
[PlyCount "72"]
[EventDate "2019.07.17"]
[EventType "team-tourn"]
[EventCountry "TUR"]
[SourceTitle "playchess.com"]
[Source "ChessBase"]
[SourceQuality "1"]
[TimeControl "40/5400+30:1800+30"]

1. d4 {[%emt 0:00:30]} d5 {[%emt 0:00:30]} 2. c4 {[%emt 0:00:00]} c6 {[%emt 0:00:00]} 3. Nf3 {[%emt 0:00:00]} Nf6 {[%emt 0:00:00]} 4. e3 {[%emt 0:00:00]} e6 {[%emt 0:02:30]} 5. Bd3 {[%emt 0:00:00]} Nbd7 {[%emt 0:00:30]} 6. b3 {[%emt 0:00:30]} dxc4 {[%emt 0:00:00]} 7. bxc4 {[%emt 0:02:30]} e5 {[%emt 0:01:00]} 8. Nbd2 {[%emt 0:12:30]} Qe7 {[%emt 0:02:30]} 9. Qc2 {[%emt 0:05:30]} exd4 {[%emt 0:00:30]} 10. Nxd4 {[%emt 0:00:30]} g6 {[%emt 0:00:30]} 11. O-O {[%emt 0:00:30]} Bg7 {[%emt 0:00:30]} 12. Bb2 {[%emt 0:01:30]} O-O {[%emt 0:02:30]} 13. Rfe1 {[%emt 0:01:30]} Re8 {[%emt 0:03:30]} 14. Bf1 {[%emt 0:07:30]} Nf8 {[%emt 0:02:30]} 15. e4 {[%emt 0:07:30]} Ne6 {[%emt 0:22:30]} 16. Nf5 {[%emt 0:05:30]} gxf5 {[%emt 0:03:30]} 17. exf5 {[%emt 0:00:30]} Qf8 {[%emt 0:06:30]} 18. fxe6 {[%emt 0:01:30]} Bxe6 {[%emt 0:00:30]} 19. Nf3 {[%emt 0:01:30]} Bg4 {[%emt 0:05:30]} 20. Ne5 {[%emt 0:09:30]} Bh5 {[%emt 0:01:30]} 21. Qb3 {[%emt 0:01:30]} Qc5 {[%emt 0:03:30]} 22. Bc3 {[%emt 0:12:30]} Bg6 {[%emt 0:05:30]} 23. Qxb7 {[%emt 0:16:37]} Ng4 {[%emt 0:00:30]} 24. Nxg4 {[%emt 0:00:25]} Bxc3 {[%emt 0:00:30]} 25. Rxe8+ {[%emt 0:00:30]} Rxe8 {[%emt 0:00:00]} 26. Rd1 {[%emt 0:00:30]} h5 {[%emt 0:06:00]} 27. Qd7 {[%emt 0:01:50]} Re7 {[%emt 0:01:30]} 28. Qd8+ {[%emt 0:01:28]} Kg7 {[%emt 0:00:00]} 29. Ne3 {[%emt 0:00:13]} Ba5 {[%emt 0:04:00]} 30. Qd6 {[%emt 0:02:05]} Bb6 {[%emt 0:00:30]} 31. Qxc5 {[%emt 0:01:42]} Bxc5 {[%emt 0:00:00]} 32. Bd3 {[%emt 0:00:00]} Bxe3 {[%emt 0:01:00]} 33. fxe3 {[%emt 0:00:25]} Rxe3 {[%emt 0:00:30]} 34. Bxg6 {[%emt 0:00:00]} Kxg6 {[%emt 0:00:00]} 35. Rd6+ {[%emt 0:01:14]} f6 {[%emt 0:00:00]} 36. Rxc6 {[%emt 0:00:21]} Ra3 {[%emt 0:00:30]} 1/2-1/2

[Event "Turkish Super League 2019"]
[Site "Konya"]
[Date "2019.07.21"]
[Round "6"]
[White "Rakhmanov, Aleksandr"]
[Black "Romanov, Evgeny"]
[Result "1/2-1/2"]
[WhiteElo "2615"]
[BlackElo "2582"]
[Annotator "ChessBase"]
[PlyCount "41"]
[EventDate "2019.07.17"]
[EventType "team-tourn"]
[EventCountry "TUR"]
[SourceTitle "playchess.com"]
[Source "ChessBase"]
[SourceQuality "1"]
[TimeControl "40/5400+30:1800+30"]

1. Nf3 {[%emt 0:00:30]} d5 {[%emt 0:00:30]} 2. g3 {[%emt 0:00:30]} Nf6 {[%emt 0:00:30]} 3. Bg2 {[%emt 0:00:30]} c6 {[%emt 0:00:00]} 4. O-O {[%emt 0:01:30]} Bf5 {[%emt 0:02:00]} 5. b3 {[%emt 0:00:30]} e6 {[%emt 0:00:30]} 6. Bb2 {[%emt 0:00:00]} Be7 {[%emt 0:00:30]} 7. d3 {[%emt 0:01:00]} h6 {[%emt 0:01:30]} 8. Nbd2 {[%emt 0:00:30]} Bh7 {[%emt 0:00:30]} 9. c4 {[%emt 0:01:30]} O-O {[%emt 0:00:30]} 10. a3 {[%emt 0:02:30]} a5 {[%emt 0:00:30]} 11. Ne5 {[%emt 0:05:30]} Nbd7 {[%emt 0:02:30]} 12. Nxd7 {[%emt 0:08:30]} Qxd7 {[%emt 0:10:30]} 13. Nf3 {[%emt 0:03:30]} Rfc8 {[%emt 0:01:30]} 14. Rc1 {[%emt 0:04:30]} Qd8 {[%emt 0:01:30]} 15. Qc2 {[%emt 0:03:30]} Qf8 {[%emt 0:07:30]} 16. Ra1 {[%emt 0:01:30]} Nd7 {[%emt 0:02:30]} 17. Rfd1 {[%emt 0:05:30]} Nc5 {[%emt 0:04:30]} 18. Rab1 {[%emt 0:03:30]} Na6 {[%emt 0:08:30]} 19. Ra1 {[%emt 0:13:30]} Nc5 {[%emt 0:00:30]} 20. Rab1 {[%emt 0:00:00]} Na6 {[%emt 0:01:30]} 21. Ra1 {[%emt 0:00:00]} 1/2-1/2

[Event "Turkish Super League 2019"]
[Site "Konya"]
[Date "2019.07.21"]
[Round "6"]
[White "Nihal Sarin"]
[Black "Benidze, Davit"]
[Result "1-0"]
[WhiteElo "2610"]
[BlackElo "2469"]
[Annotator "ChessBase"]
[PlyCount "59"]
[EventDate "2019.07.17"]
[EventType "team-tourn"]
[EventCountry "TUR"]
[SourceTitle "playchess.com"]
[Source "ChessBase"]
[SourceQuality "1"]
[TimeControl "40/5400+30:1800+30"]

1. e4 {[%emt 0:00:30]} e5 {[%emt 0:00:30]} 2. Nf3 {[%emt 0:00:30]} d6 {[%emt 0:00:00]} 3. d4 {[%emt 0:01:30]} Nd7 {[%emt 0:00:00]} 4. Bc4 {[%emt 0:00:30]} Be7 {[%emt 0:01:30]} 5. dxe5 {[%emt 0:03:30]} Nxe5 {[%emt 0:00:00]} 6. Nxe5 {[%emt 0:01:30]} dxe5 {[%emt 0:04:00]} 7. Qh5 {[%emt 0:00:00]} g6 {[%emt 0:00:00]} 8. Qxe5 {[%emt 0:01:00]} Nf6 {[%emt 0:00:00]} 9. Bh6 {[%emt 0:04:30]} Qd6 {[%emt 0:00:30]} 10. Qxd6 {[%emt 0:01:30]} cxd6 {[%emt 0:00:00]} 11. Nc3 {[%emt 0:00:00]} Be6 {[%emt 0:00:00]} 12. Bxe6 {[%emt 0:07:00]} fxe6 {[%emt 0:00:30]} 13. f3 {[%emt 0:00:00]} a6 {[%emt 0:00:00]} 14. O-O-O {[%emt 0:02:00]} Nd7 {[%emt 0:01:00]} 15. Ne2 {[%emt 0:08:30]} Rc8 {[%emt 0:02:30]} 16. Bf4 {[%emt 0:09:30]} Ne5 {[%emt 0:00:30]} 17. h4 {[%emt 0:05:30]} Nf7 {[%emt 0:02:30]} 18. Rd3 {[%emt 0:00:30]} Rc5 {[%emt 0:02:30]} 19. Be3 {[%emt 0:05:30]} Rc7 {[%emt 0:01:30]} 20. Bb6 {[%emt 0:00:30]} Rc6 {[%emt 0:01:30]} 21. Rb3 {[%emt 0:00:30]} e5 {[%emt 0:11:30]} 22. Be3 {[%emt 0:02:30]} Rc7 {[%emt 0:06:30]} 23. Nc3 {[%emt 0:01:30]} Rd7 {[%emt 0:03:30]} 24. Nd5 {[%emt 0:00:30]} O-O {[%emt 0:01:30]} 25. Rc3 {[%emt 0:01:30]} Bd8 {[%emt 0:00:00]} 26. Kd2 {[%emt 0:00:30]} Kg7 {[%emt 0:00:00]} 27. Ke2 {[%emt 0:03:30]} h6 {[%emt 0:00:30]} 28. a4 {[%emt 0:08:30]} Bf6 {[%emt 0:01:30]} 29. g4 {[%emt 0:02:30]} Be7 {[%emt 0:00:30]} 30. Nb6 {[%emt 0:00:30]} 1-0

[Event "Turkish Super League 2019"]
[Site "Konya"]
[Date "2019.07.21"]
[Round "6"]
[White "Can, Emre"]
[Black "Annaberdiev, Meilis"]
[Result "0-1"]
[WhiteElo "2595"]
[BlackElo "2515"]
[Annotator "ChessBase"]
[PlyCount "98"]
[EventDate "2019.07.17"]
[EventType "team-tourn"]
[EventCountry "TUR"]
[SourceTitle "playchess.com"]
[Source "ChessBase"]
[SourceQuality "1"]
[TimeControl "40/5400+30:1800+30"]

1. d4 {[%emt 0:00:30]} Nf6 {[%emt 0:00:30]} 2. c4 {[%emt 0:00:30]} e6 {[%emt 0:00:30]} 3. Nf3 {[%emt 0:00:30]} b6 {[%emt 0:00:00]} 4. g3 {[%emt 0:00:00]} c6 {[%emt 0:00:00]} 5. Bg2 {[%emt 0:02:00]} Be7 {[%emt 0:00:30]} 6. O-O {[%emt 0:00:30]} O-O {[%emt 0:00:00]} 7. Nbd2 {[%emt 0:01:30]} d5 {[%emt 0:00:00]} 8. Qc2 {[%emt 0:00:30]} c5 {[%emt 0:00:00]} 9. dxc5 {[%emt 0:07:30]} bxc5 {[%emt 0:00:00]} 10. e4 {[%emt 0:01:30]} Nc6 {[%emt 0:01:30]} 11. exd5 {[%emt 0:04:30]} exd5 {[%emt 0:00:00]} 12. cxd5 {[%emt 0:00:30]} Nxd5 {[%emt 0:00:00]} 13. a3 {[%emt 0:04:30]} Nd4 {[%emt 0:11:30]} 14. Nxd4 {[%emt 0:10:30]} cxd4 {[%emt 0:00:30]} 15. Rd1 {[%emt 0:08:30]} Ba6 {[%emt 0:14:30]} 16. Nf3 {[%emt 0:05:30]} d3 {[%emt 0:05:30]} 17. Qa4 {[%emt 0:00:00]} Qc8 {[%emt 0:04:30]} 18. Ne5 {[%emt 0:10:00]} Nb6 {[%emt 0:02:30]} 19. Qb3 {[%emt 0:06:30]} Qc2 {[%emt 0:09:30]} 20. Qxc2 {[%emt 0:02:30]} dxc2 {[%emt 0:00:30]} 21. Rd2 {[%emt 0:11:30]} Rad8 {[%emt 0:01:30]} 22. Nc6 {[%emt 0:02:34]} Rxd2 {[%emt 0:00:30]} 23. Nxe7+ {[%emt 0:01:47]} Kh8 {[%emt 0:00:30]} 24. Bxd2 {[%emt 0:00:00]} Rd8 {[%emt 0:00:00]} 25. Nd5 {[%emt 0:03:15]} Nxd5 {[%emt 0:00:00]} 26. Bf3 {[%emt 0:00:31]} Bc4 {[%emt 0:02:30]} 27. Re1 {[%emt 0:00:44]} Bb3 {[%emt 0:04:30]} 28. Kf1 {[%emt 0:01:51]} h6 {[%emt 0:01:30]} 29. Bxd5 {[%emt 0:02:28]} Bxd5 {[%emt 0:01:30]} 30. Rc1 {[%emt 0:00:43]} Bb3 {[%emt 0:03:30]} 31. Ke2 {[%emt 0:00:30]} Rd5 {[%emt 0:00:30]} 32. Ra1 {[%emt 0:03:02]} Ba4 {[%emt 0:04:30]} 33. b4 {[%emt 0:00:34]} a6 {[%emt 0:00:30]} 34. h4 {[%emt 0:01:08]} h5 {[%emt 0:00:30]} 35. Rc1 {[%emt 0:00:22]} Kh7 {[%emt 0:00:00]} 36. Bc3 {[%emt 0:01:34]} Rd1 {[%emt 0:00:00]} 37. Bd2 {[%emt 0:00:36]} Kg6 {[%emt 0:00:30]} 38. Kd3 {[%emt 0:00:00]} Kf5 {[%emt 0:02:30]} 39. Rxc2 {[%emt 0:00:19]} Bxc2+ {[%emt 0:00:30]} 40. Kxc2 {[%emt 0:00:30]} Rf1 {[%emt 0:00:00]} 41. Be3 {[%emt 0:00:32]} Ke4 {[%emt 0:00:00]} 42. a4 {[%emt 0:00:00]} Ra1 {[%emt 0:03:30]} 43. Kb3 {[%emt 0:01:00]} Kd3 {[%emt 0:01:30]} 44. Bc5 {[%emt 0:00:30]} g6 {[%emt 0:02:30]} 45. Be7 {[%emt 0:01:30]} Rb1+ {[%emt 0:01:30]} 46. Ka2 {[%emt 0:00:30]} Re1 {[%emt 0:00:00]} 47. Bc5 {[%emt 0:01:30]} Kc4 {[%emt 0:00:00]} 48. a5 {[%emt 0:01:30]} Re2+ {[%emt 0:00:30]} 49. Ka3 {[%emt 0:00:30]} Rc2 {[%emt 0:01:30]} 0-1

[Event "Turkish Super League 2019"]
[Site "Konya"]
[Date "2019.07.21"]
[Round "6"]
[White "Mchedlishvili, Mikheil"]
[Black "Esen, Baris"]
[Result "1-0"]
[WhiteElo "2571"]
[BlackElo "2478"]
[Annotator "ChessBase"]
[PlyCount "71"]
[EventDate "2019.07.17"]
[EventType "team-tourn"]
[EventCountry "TUR"]
[SourceTitle "playchess.com"]
[Source "ChessBase"]
[SourceQuality "1"]
[TimeControl "40/5400+30:1800+30"]

1. c4 {[%emt 0:00:30]} g6 {[%emt 0:01:30]} 2. d4 {[%emt 0:02:30]} Nf6 {[%emt 0:06:30]} 3. Nc3 {[%emt 0:01:30]} Bg7 {[%emt 0:00:30]} 4. e4 {[%emt 0:00:30]} d6 {[%emt 0:00:30]} 5. h3 {[%emt 0:01:30]} O-O {[%emt 0:01:30]} 6. Be3 {[%emt 0:00:30]} c6 {[%emt 0:05:30]} 7. Nf3 {[%emt 0:05:30]} a6 {[%emt 0:02:30]} 8. Bd3 {[%emt 0:04:30]} b5 {[%emt 0:01:30]} 9. e5 {[%emt 0:05:30]} Ne8 {[%emt 0:04:30]} 10. O-O {[%emt 0:04:30]} Nd7 {[%emt 0:03:30]} 11. exd6 {[%emt 0:04:30]} exd6 {[%emt 0:04:30]} 12. b3 {[%emt 0:04:30]} Ndf6 {[%emt 0:04:30]} 13. Qd2 {[%emt 0:04:30]} Nc7 {[%emt 0:02:30]} 14. Bh6 {[%emt 0:02:30]} Bb7 {[%emt 0:02:30]} 15. Rad1 {[%emt 0:07:30]} Re8 {[%emt 0:06:30]} 16. Bxg7 {[%emt 0:05:30]} Kxg7 {[%emt 0:00:00]} 17. Qb2 {[%emt 0:00:00]} Ne6 {[%emt 0:10:00]} 18. Rfe1 {[%emt 0:01:00]} d5 {[%emt 0:00:30]} 19. cxd5 {[%emt 0:07:30]} cxd5 {[%emt 0:03:30]} 20. Ne2 {[%emt 0:01:30]} b4 {[%emt 0:01:30]} 21. Ne5 {[%emt 0:03:30]} Qb6 {[%emt 0:02:30]} 22. f4 {[%emt 0:06:30]} a5 {[%emt 0:09:30]} 23. f5 {[%emt 0:14:19]} Nf8 {[%emt 0:00:00]} 24. Ng3 {[%emt 0:01:41]} g5 {[%emt 0:06:00]} 25. Kh1 {[%emt 0:02:10]} h6 {[%emt 0:00:30]} 26. Bb1 {[%emt 0:00:35]} Ba6 {[%emt 0:00:30]} 27. Qf2 {[%emt 0:01:41]} Rac8 {[%emt 0:00:30]} 28. Qf3 {[%emt 0:00:24]} N8h7 {[%emt 0:04:14]} 29. Nh5+ {[%emt 0:00:32]} Nxh5 {[%emt 0:06:46]} 30. Qxh5 {[%emt 0:00:08]} Rc7 {[%emt 0:00:00]} 31. Ng4 {[%emt 0:02:06]} Rh8 {[%emt 0:00:00]} 32. Re6 {[%emt 0:01:27]} fxe6 {[%emt 0:00:39]} 33. Qxh6+ {[%emt 0:00:34]} Kg8 {[%emt 0:06:20]} 34. fxe6 {[%emt 0:00:02]} Qd6 {[%emt 0:00:57]} 35. Re1 {[%emt 0:00:57]} Rg7 {[%emt 0:02:38]} 36. e7 {[%emt 0:01:59]} 1-0

[Event "Turkish Super League 2019"]
[Site "Konya"]
[Date "2019.07.21"]
[Round "6"]
[White "Heberla, Bartlomiej"]
[Black "Dogan, Nazmi Can"]
[Result "1/2-1/2"]
[WhiteElo "2534"]
[BlackElo "2276"]
[Annotator "ChessBase"]
[PlyCount "119"]
[EventDate "2019.07.17"]
[EventType "team-tourn"]
[EventCountry "TUR"]
[SourceTitle "playchess.com"]
[Source "ChessBase"]
[SourceQuality "1"]
[TimeControl "40/5400+30:1800+30"]

1. c4 g6 2. Nc3 Bg7 3. d4 Nf6 4. e4 O-O 5. Nf3 d6 6. Be2 e5 7. O-O Nc6 8. dxe5 dxe5 9. Bg5 Qxd1 10. Rfxd1 Bg4 11. h3 Bxf3 12. Bxf3 Nd4 13. Nd5 Nxd5 14. cxd5 Nxf3+ 15. gxf3 f6 16. Be3 Rf7 17. Rd3 Bf8 18. Rb3 b6 19. a4 a5 20. Rc3 Bd6 21. Rc6 Rb8 22. Kf1 Kf8 23. Ke2 Ke8 24. Kd3 Kd7 25. Kc4 f5 26. h4 fxe4 27. fxe4 Rf3 28. h5 g5 29. Rg1 Rg8 30. Kd3 Rh3 31. Rcc1 Rxh5 32. Rh1 Rxh1 33. Rxh1 Rg7 34. Ke2 g4 35. Kf1 g3 36. fxg3 Rxg3 37. Rxh7+ Kc8 38. Kf2 Rg6 39. Rh6 Rxh6 40. Bxh6 c6 {[%emt 1:18:00]} 41. Bd2 {[%emt 1:57:30]} Kd7 {[%emt 0:36:30]} 42. Ke3 {[%emt 0:17:41]} Bc5+ {[%emt 0:01:30]} 43. Kd3 {[%emt 0:00:14]} Kd6 {[%emt 0:00:30]} 44. dxc6 {[%emt 0:04:48]} Kxc6 {[%emt 0:00:30]} 45. Kc4 {[%emt 0:00:00]} Bd6 {[%emt 0:03:30]} 46. Be3 {[%emt 0:00:00]} Be7 {[%emt 0:01:30]} 47. Bh6 {[%emt 0:00:00]} Bc5 {[%emt 0:03:16]} 48. Bg5 {[%emt 0:00:00]} Bd4 {[%emt 0:00:20]} 49. b3 {[%emt 0:00:05]} Bc5 {[%emt 0:01:53]} 50. Kd3 {[%emt 0:01:01]} Bd6 {[%emt 0:01:04]} 51. Bd2 {[%emt 0:00:50]} Bc7 {[%emt 0:03:35]} 52. Bc3 {[%emt 0:00:38]} b5 {[%emt 0:03:43]} 53. Be1 {[%emt 0:00:04]} Kc5 {[%emt 0:00:14]} 54. Kc3 {[%emt 0:00:09]} Kc6 {[%emt 0:01:09]} 55. Bh4 {[%emt 0:00:14]} Bb6 {[%emt 0:04:46]} 56. Kd3 {[%emt 0:00:15]} Bc7 {[%emt 0:00:43]} 57. Be1 {[%emt 0:00:16]} Bb6 {[%emt 0:00:30]} 58. Bc3 {[%emt 0:00:43]} Bc7 {[%emt 0:00:02]} 59. Bb2 {[%emt 0:00:05]} Bb8 {[%emt 0:01:05]} 60. Bc3 {[%emt 0:00:13]} 1/2-1/2

[Event "Turkish Super League 2019"]
[Site "Konya"]
[Date "2019.07.21"]
[Round "6"]
[White "Gholami, Aryan"]
[Black "Rozum, Ivan"]
[Result "1-0"]
[WhiteElo "2532"]
[BlackElo "2583"]
[Annotator "ChessBase"]
[PlyCount "131"]
[EventDate "2019.07.17"]
[EventType "team-tourn"]
[EventCountry "TUR"]
[SourceTitle "playchess.com"]
[Source "ChessBase"]
[SourceQuality "1"]
[TimeControl "40/5400+30:1800+30"]

1. Nf3 Nf6 2. g3 b6 3. Bg2 Bb7 4. O-O e6 5. c4 c5 6. Nc3 Be7 7. Re1 Ne4 8. Qc2 Nxc3 9. dxc3 d6 10. Bf4 Qc7 11. Rad1 h6 12. Qd3 e5 13. Nxe5 Bxg2 14. Ng6 fxg6 15. Qxg6+ Kf8 16. Kxg2 Nd7 17. Bxd6 Bxd6 18. Rxd6 Nf6 19. Red1 Qe7 20. Qf5 Re8 21. Rd7 Qxe2 22. R1d6 Qe4+ 23. Qxe4 Nxe4 24. Rc6 Ra8 25. a4 Nf6 26. Rb7 Ne8 27. a5 bxa5 28. Rxc5 a4 29. Ra5 h5 30. Raxa7 Rc8 31. Rxa4 Rh6 32. b3 Rd6 33. Ra5 h4 34. Rh5 Kg8 35. Rxh4 Rd3 36. b4 Rxc3 37. c5 Rc7 38. Rb8 Kf7 39. Rf4+ Nf6 40. g4 Ke6 41. Rb6+ Ke5 42. Rf5+ Kd4 43. Rd6+ Kc4 44. Rf4+ Kb3 45. g5 {[%emt 1:37:30]} Ng8 {[%emt 1:59:30]} 46. Rg6 {[%emt 0:16:30]} Ne7 {[%emt 0:02:30]} 47. Rd6 {[%emt 0:00:30]} Nc8 {[%emt 0:04:07]} 48. Rdd4 {[%emt 0:01:30]} Na7 {[%emt 0:00:23]} 49. Rde4 {[%emt 0:01:30]} Rb7 {[%emt 0:00:59]} 50. g6 {[%emt 0:02:30]} Nc6 {[%emt 0:02:09]} 51. Rf7 {[%emt 0:00:00]} Rb8 {[%emt 0:01:56]} 52. Rxg7 {[%emt 0:01:00]} Nxb4 {[%emt 0:00:06]} 53. Rf7 {[%emt 0:02:30]} Rxc5 {[%emt 0:00:40]} 54. Rg4 {[%emt 0:00:30]} Nd3 {[%emt 0:04:10]} 55. g7 {[%emt 0:00:30]} Rcc8 {[%emt 0:00:06]} 56. Rf5 {[%emt 0:01:30]} Kc3 {[%emt 0:01:04]} 57. h4 {[%emt 0:00:00]} Ne1+ {[%emt 0:01:36]} 58. Kh2 {[%emt 0:02:00]} Kd2 {[%emt 0:01:31]} 59. h5 {[%emt 0:00:30]} Ke2 {[%emt 0:00:24]} 60. Re4+ {[%emt 0:01:54]} Kf1 {[%emt 0:00:15]} 61. Rg4 {[%emt 0:01:25]} Rg8 {[%emt 0:02:21]} 62. h6 {[%emt 0:02:47]} Rb6 {[%emt 0:00:09]} 63. Rh5 {[%emt 0:00:30]} Kxf2 {[%emt 0:01:56]} 64. h7 {[%emt 0:00:42]} Nf3+ {[%emt 0:00:52]} 65. Kh3 {[%emt 0:00:06]} Rb1 {[%emt 0:01:47]} 66. Rg2+ {[%emt 0:00:11]} 1-0

[Event "Turkish Super League 2019"]
[Site "Konya"]
[Date "2019.07.21"]
[Round "6"]
[White "Dimitrov, Radoslav"]
[Black "Asadli, Vugar"]
[Result "1/2-1/2"]
[WhiteElo "2530"]
[BlackElo "2502"]
[Annotator "ChessBase"]
[PlyCount "89"]
[EventDate "2019.07.17"]
[EventType "team-tourn"]
[EventCountry "TUR"]
[SourceTitle "playchess.com"]
[Source "ChessBase"]
[SourceQuality "1"]
[TimeControl "40/5400+30:1800+30"]

1. e4 {[%emt 0:00:30]} e5 {[%emt 0:00:30]} 2. Nc3 {[%emt 0:00:00]} Nf6 {[%emt 0:00:30]} 3. Nf3 {[%emt 0:00:00]} Nc6 {[%emt 0:00:30]} 4. Bb5 {[%emt 0:00:30]} Nd4 {[%emt 0:00:30]} 5. Bc4 {[%emt 0:00:30]} Bc5 {[%emt 0:00:30]} 6. d3 {[%emt 0:00:00]} d6 {[%emt 0:00:30]} 7. Nxd4 {[%emt 0:00:00]} Bxd4 {[%emt 0:00:30]} 8. O-O {[%emt 0:01:30]} O-O {[%emt 0:02:30]} 9. Qf3 {[%emt 0:03:30]} h6 {[%emt 0:02:30]} 10. h3 {[%emt 0:01:30]} c6 {[%emt 0:04:30]} 11. Ne2 {[%emt 0:00:30]} Bc5 {[%emt 0:04:30]} 12. Ng3 {[%emt 0:00:30]} d5 {[%emt 0:01:30]} 13. Bb3 {[%emt 0:00:30]} Re8 {[%emt 0:01:30]} 14. Be3 {[%emt 0:04:30]} Bf8 {[%emt 0:01:30]} 15. Rad1 {[%emt 0:01:30]} Be6 {[%emt 0:02:30]} 16. Nf5 {[%emt 0:07:30]} a5 {[%emt 0:03:30]} 17. a4 {[%emt 0:00:00]} Ra6 {[%emt 0:05:30]} 18. Bd2 {[%emt 0:04:00]} Kh7 {[%emt 0:03:30]} 19. Ng3 {[%emt 0:14:30]} g6 {[%emt 0:03:30]} 20. Bc3 {[%emt 0:04:30]} d4 {[%emt 0:03:30]} 21. Bxe6 {[%emt 0:02:30]} Rxe6 {[%emt 0:00:30]} 22. Bd2 {[%emt 0:00:00]} Bg7 {[%emt 0:00:30]} 23. Ne2 {[%emt 0:01:00]} b5 {[%emt 0:01:30]} 24. Ra1 {[%emt 0:01:30]} Qb6 {[%emt 0:00:30]} 25. b3 {[%emt 0:09:30]} Qc5 {[%emt 0:04:30]} 26. Rfc1 {[%emt 0:00:30]} b4 {[%emt 0:01:30]} 27. g4 {[%emt 0:00:30]} Ra7 {[%emt 0:00:30]} 28. Qg3 {[%emt 0:00:30]} Rae7 {[%emt 0:02:30]} 29. Kg2 {[%emt 0:00:30]} Nd7 {[%emt 0:00:30]} 30. Qh4 {[%emt 0:01:30]} f6 {[%emt 0:00:30]} 31. Ra2 {[%emt 0:02:30]} Rf7 {[%emt 0:00:30]} 32. Ng3 {[%emt 0:05:30]} Nb6 {[%emt 0:04:30]} 33. Rg1 {[%emt 0:00:00]} Nc8 {[%emt 0:00:30]} 34. Kf1 {[%emt 0:01:00]} Nd6 {[%emt 0:05:30]} 35. Nf5 {[%emt 0:04:30]} gxf5 {[%emt 0:04:30]} 36. gxf5 {[%emt 0:00:30]} Ree7 {[%emt 0:00:00]} 37. Bxh6 {[%emt 0:01:30]} Kg8 {[%emt 0:00:00]} 38. Ke2 {[%emt 0:00:30]} Ne8 {[%emt 0:01:30]} 39. Rg6 {[%emt 0:04:30]} Kf8 {[%emt 0:02:30]} 40. Qg4 {[%emt 0:00:00]} Rc7 {[%emt 0:00:00]} 41. Bd2 {[%emt 0:05:00]} Ke7 {[%emt 0:02:00]} 42. h4 {[%emt 0:00:00]} Kd8 {[%emt 0:01:30]} 43. h5 {[%emt 0:00:00]} Bf8 {[%emt 0:00:00]} 44. h6 {[%emt 0:01:30]} Rh7 {[%emt 0:00:00]} 45. Qh4 {[%emt 0:18:30]} 1/2-1/2

[Event "Turkish Super League 2019"]
[Site "Konya"]
[Date "2019.07.21"]
[Round "6"]
[White "Iljiushenok, Ilia"]
[Black "Durarbayli, Vasif"]
[Result "0-1"]
[WhiteElo "2520"]
[BlackElo "2637"]
[Annotator "ChessBase"]
[PlyCount "126"]
[EventDate "2019.07.17"]
[EventType "team-tourn"]
[EventCountry "TUR"]
[SourceTitle "playchess.com"]
[Source "ChessBase"]
[SourceQuality "1"]
[TimeControl "40/5400+30:1800+30"]

1. e4 e5 2. Nf3 Nc6 3. d4 exd4 4. Nxd4 Bc5 5. Be3 Qf6 6. c3 Qg6 7. Qf3 Ne5 8. Qf5 d6 9. Qxg6 hxg6 10. Nc2 Bxe3 11. Nxe3 g5 12. f3 Nf6 13. Na3 Be6 14. Nb5 Kd7 15. h3 a6 16. Nd4 c5 17. Nxe6 fxe6 18. O-O-O b5 19. Be2 Ke7 20. Rhe1 Rab8 21. Kc2 Rb6 22. a4 Rhb8 23. axb5 axb5 24. b4 Nc6 25. Kb3 Nh5 26. Bf1 Ne5 27. Ra1 R8b7 28. Red1 Ng3 29. Ra5 Nxf1 30. Rxf1 cxb4 31. cxb4 Nc4 32. Nxc4 bxc4+ 33. Kc3 Rxb4 34. Rxg5 Rb3+ 35. Kc2 Kf6 36. h4 Ra7 37. Rc1 Ra2+ 38. Kd1 Rd3+ 39. Ke1 c3 40. f4 Re3+ 41. Kf1 Rxe4 42. Rxc3 Rxf4+ 43. Rf3 Raa4 44. Rgg3 g6 45. Ke2 Rae4+ 46. Kd3 d5 47. Rh3 Ke7 48. h5 gxh5 49. Rxh5 Rg4 50. g3 Ra4 51. Ke2 Ra2+ 52. Kf1 Rb4 53. Rf2 Rbb2 54. Rxb2 Rxb2 55. Rh6 Kd6 56. g4 Ke5 57. g5 Rb8 58. Rg6 Rf8+ 59. Ke2 Kf5 60. Rg7 Rh8 61. Ke3 Rh4 62. Kf3 Rh3+ 63. Ke2 Rg3 0-1

[Event "Turkish Super League 2019"]
[Site "Konya"]
[Date "2019.07.21"]
[Round "6"]
[White "Sanal, Vahap"]
[Black "Dastan, Muhammed Batuhan"]
[Result "1/2-1/2"]
[WhiteElo "2520"]
[BlackElo "2565"]
[Annotator "ChessBase"]
[PlyCount "62"]
[EventDate "2019.07.17"]
[EventType "team-tourn"]
[EventCountry "TUR"]
[SourceTitle "playchess.com"]
[Source "ChessBase"]
[SourceQuality "1"]
[TimeControl "40/5400+30:1800+30"]

1. e4 {[%emt 0:00:30]} e5 {[%emt 0:00:30]} 2. Nf3 {[%emt 0:00:30]} Nc6 {[%emt 0:00:00]} 3. Bb5 {[%emt 0:02:30]} f5 {[%emt 0:01:00]} 4. d3 {[%emt 0:00:30]} fxe4 {[%emt 0:00:30]} 5. dxe4 {[%emt 0:00:30]} Nf6 {[%emt 0:00:00]} 6. Nc3 {[%emt 0:01:30]} Bb4 {[%emt 0:05:00]} 7. Qd3 {[%emt 0:02:30]} Bxc3+ {[%emt 0:18:30]} 8. Qxc3 {[%emt 0:00:30]} Qe7 {[%emt 0:05:30]} 9. O-O {[%emt 0:17:30]} Nxe4 {[%emt 0:28:30]} 10. Qe3 {[%emt 0:01:30]} Nf6 {[%emt 0:00:30]} 11. Bxc6 {[%emt 0:01:30]} bxc6 {[%emt 0:00:30]} 12. Nxe5 {[%emt 0:01:30]} O-O {[%emt 0:02:30]} 13. Bd2 {[%emt 0:10:30]} c5 {[%emt 0:03:30]} 14. Rfe1 {[%emt 0:09:30]} d6 {[%emt 0:03:30]} 15. Ng4 {[%emt 0:11:30]} Qxe3 {[%emt 0:00:30]} 16. Nxf6+ {[%emt 0:00:30]} Rxf6 {[%emt 0:01:30]} 17. Rxe3 {[%emt 0:00:30]} Bf5 {[%emt 0:01:30]} 18. c4 {[%emt 0:05:30]} Re6 {[%emt 0:03:30]} 19. Rae1 {[%emt 0:03:30]} Rae8 {[%emt 0:01:30]} 20. Ba5 {[%emt 0:03:30]} Rxe3 {[%emt 0:00:30]} 21. Rxe3 {[%emt 0:00:30]} Rxe3 {[%emt 0:00:00]} 22. fxe3 {[%emt 0:00:00]} Be6 {[%emt 0:02:50]} 23. Bxc7 {[%emt 0:02:00]} Bxc4 {[%emt 0:02:14]} 24. a3 {[%emt 0:00:30]} d5 {[%emt 0:01:03]} 25. Bd6 {[%emt 0:00:30]} a5 {[%emt 0:02:17]} 26. a4 {[%emt 0:01:30]} d4 {[%emt 0:00:13]} 27. Kf2 {[%emt 0:00:30]} dxe3+ {[%emt 0:00:40]} 28. Kxe3 {[%emt 0:00:30]} Bb3 {[%emt 0:00:00]} 29. Bxc5 {[%emt 0:00:30]} Bxa4 {[%emt 0:00:29]} 30. Bb6 {[%emt 0:00:00]} Bc6 {[%emt 0:00:04]} 31. Bxa5 {[%emt 0:00:00]} Bxg2 {[%emt 0:00:00]} 1/2-1/2